Mob di Minecraft casuali nella vita reale - Statistics

Statistiche generali
  • Questo quiz è stato fatto 26 volte
  • Il punteggio medio è 14 su 17
Statistiche sulle risposte
con Immagini Risposta % Corretto
Zombie
100%
Maiale
94%
Scheletro
94%
Panda
89%
Pollo
89%
Capra
83%
Cavallo
83%
Coniglio
83%
Delfino
83%
Pappagallo
83%
Pesce
83%
Polpo
83%
Ragno
83%
Rana
83%
Girino
78%
Lupo
67%
Giaguaro
28%
Nessun quiz corrispondente trovato
Distribuzione punteggi
Percentuale di utenti per punteggio
Percentile per numero di risposta
I tuoi punteggi nel tempo
Non hai fatto questo quiz